24 Movie Posters with Backs Quiz Stats

 Plays Quiz Updated Jun 13, 2017

Support Sporcle.
Go Orange.
Score 0/24 Timer 06:00
0 Plays Today
Hint Answer % Correct
Ted
96.6%
The Incredible Hulk
82.3%
The Blind Side
81.1%
Million Dollar Baby
80.2%
The Shawshank Redemption
73%
Moneyball
70.1%
Big Daddy
68.6%
Invictus
62.5%
World War Z
53.9%
Rocky
46.7%
Annie Hall
46.6%
Up in the Air
43.5%
Hint Answer % Correct
9
42.9%
The English Patient
41.8%
Unforgiven
37.4%
The Butler
37.3%
2012
34.5%
Quiz Show
26.1%
Gone Girl
23.3%
Battle: Los Angeles
15%
Crash
13.6%
Death at a Funeral
10.9%
Gone Baby Gone
8%
Letters from Iwo Jima
4.7%

You're not logged in!

Compare scores with friends on all Sporcle quizzes.
OR
Log In
Forgot?

From the Vault

First Word Comedy Titles

by mvheald

These movies are funny from word #1.
Remove Ads.
Support Sporcle.
Get the best of Sporcle when you Go Orange. This ad-free experience offers more features, more stats, and more fun while also helping to support Sporcle. Thank you for becoming a member.

Show Comments

Extras

Top Quizzes Today


Score Distribution

Your Account Isn't Verified!

In order to create a playlist on Sporcle, you need to verify the email address you used during registration. Go to your Sporcle Settings to finish the process.

Report this User

Report this user for behavior that violates our Community Guidelines.

Details: